00942nam a22002417a 4500003000900000001000900009007000300018008003600021090000900057942000800066040003800074245008900112955000600201041000800207022001400215856005300229520025600282520011200538260000900650246001400659650000800673999001900681UA-OsUOA 136674 ta20190404b un ||||| |||| 00| 0 ukr d bJ-76 cMGN aUA-OsUOAbengcUA-OsUOAdUA-OsUOA aJournal of Language and Linguistic StudiescProf. Dr. Arif Sar?coban Editor-in-Chief a1 aeng a1305-578X40uhttp://www.jlls.org/index.php/jlls/issue/view/153 aJournal of Language and Linguistics Studies (JLLS) is a professional, double blind peer-reviewed international journal that aims to involve scholars not only from Turkey, but also from all international academic and professional community. The journal3 aprovides a platform for different theoretical and thematic approaches to linguistics and language teaching. c201231a(JLLS)n1 72UDC c416843d416843